[Event "Titled Tuesday intern op 07th Dec"]
[Site "Chess.com INT"]
[Date "2021.12.07"]
[Round "11"]
[White "Gubsky, Egor"]
[Black "Bazarov, Konstantin"]
[Result "1/2-1/2"]
[WhiteElo "2339"]
[BlackElo "2226"]
[PlyCount "206"]
[EventDate "2021.12.07"]
[EventType "swiss (blitz)"]
[EventRounds "11"]
[EventCountry "USA"]
[SourceTitle "CBM 205 Extra"]
[Source "ChessBase"]
[SourceDate "2022.01.31"]
[SourceVersion "1"]
[SourceVersionDate "2022.01.31"]
[SourceQuality "1"]

1. d4 Nf6 2. c4 d6 3. Nc3 c6 4. Nf3 Nbd7 5. e4 e5 6. Be2 Be7 7. 0-0 0-0 8. Be3 Re8 9. Qc2 Bf8 10. Rfd1 Qc7 11. Rab1 exd4 12. Nxd4 Nc5 13. f3 a5 14. b3 Bd7 15. a3 Rad8 16. b4 axb4 17. axb4 Na6 18. Bf2 d5 19. cxd5 Nxb4 20. Qa4 cxd5 21. Ncb5 Bxb5 22. Bxb5 Ra8 23. Qb3 Rec8 24. exd5 Nfxd5 25. Bf1 Qe5 26. Re1 Qg5 27. Rbd1 Re8 28. Ne2 Rac8 29. Ng3 h5 30. Rxe8 Rxe8 31. Ne4 Qg6 32. Rxd5 Nxd5 33. Qxd5 b6 34. Bb5 Rc8 35. g3 h4 36. Bd7 Rc1+ 37. Kg2 hxg3 38. hxg3 Rc2 39. Bf5 Qc6 40. Qd3 Rb2 41. Ng5 g6 42. Be6 Rxf2+ 43. Kxf2 Qc5+ 44. Qe3 Qxe3+ 45. Kxe3 fxe6 46. Nxe6 Bd6 47. g4 Kf7 48. Ng5+ Ke7 49. Ke4 b5 50. Kd5 b4 51. Kc4 Kd7 52. Ne4 Be7 53. Nf2 g5 54. Nd3 Ke6 55. Kd4 Bd6 56. Nc1 Bf4 57. Nd3 Bd6 58. Nc1 Be7 59. Ke4 Bf6 60. Nb3 Be5 61. Nc5+ Kd6 62. Nd3 Bc3 63. Nc1 Bd2 64. Nb3 Bc3 65. Kf5 Kd5 66. Kxg5 Kc4 67. Na5+ Kb5 68. Nb3 Kc4 69. Nc1 Bd2+ 70. Kf6 Bxc1 71. g5 b3 72. g6 b2 73. g7 b1Q 74. g8Q+ Kc3 75. Qc8+ Kd2 76. Qd7+ Ke2 77. Qe6+ Kf2 78. Qf5 Qb6+ 79. Kg7 Qc7+ 80. Kg6 Bb2 81. Qf7 Qd6+ 82. Kf5 Qe5+ 83. Kg6 Qg3+ 84. Kh7 Qh4+ 85. Kg6 Qg4+ 86. Kh6 Bd4 87. Qa2+ Ke3 88. Qf7 Kf2 89. Qa2+ Kg3 90. Qf7 Kh4 91. Qg6 Qf4+ 92. Kh7 Qc7+ 93. Kg8 Qd8+ 94. Kf7 Qd7+ 95. Kf8 Qd8+ 96. Qe8 Qd6+ 97. Qe7+ Qf6+ 98. Qxf6+ Bxf6 99. f4 Be5 100. f5 Bf6 101. Kf7 Kg5 102. Ke6 Bd4 103. f6 Bxf6 1/2-1/2

[Event "Titled Tuesday intern op 07th Dec"]
[Site "Chess.com INT"]
[Date "2021.12.07"]
[Round "5"]
[White "Gubsky, Egor"]
[Black "Hoffmann, Asa"]
[Result "1-0"]
[WhiteElo "2339"]
[BlackElo "2185"]
[PlyCount "105"]
[EventDate "2021.12.07"]
[EventType "swiss (blitz)"]
[EventRounds "11"]
[EventCountry "USA"]
[SourceTitle "CBM 205 Extra"]
[Source "ChessBase"]
[SourceDate "2022.01.31"]
[SourceVersion "1"]
[SourceVersionDate "2022.01.31"]
[SourceQuality "1"]

1. d4 Nf6 2. c4 c5 3. d5 e5 4. Nc3 d6 5. e4 Be7 6. h3 Nbd7 7. Nf3 Nf8 8. Bd3 Ng6 9. Be3 0-0 10. Qd2 a6 11. g4 Rb8 12. a4 b6 13. Ke2 Ne8 14. Rhb1 h6 15. b4 Bd7 16. Rb2 Bg5 17. Rab1 Nf4+ 18. Bxf4 Bxf4 19. Qc2 Nf6 20. bxc5 dxc5 21. a5 b5 22. cxb5 axb5 23. Nxb5 Nxg4 24. hxg4 Bxg4 25. a6 Qf6 26. a7 Ra8 27. Bc4 Rfc8 28. Qd3 h5 29. d6 Rd8 30. Nc7 Rxa7 31. Rb8 h4 32. Rxd8+ Qxd8 33. Qd5 Bh5 34. Rh1 Qf6 35. Rh3 Ra3 36. Nb5 Rxf3 37. Rxf3 Be3 38. Qxf7+ Bxf7 39. Bxf7+ Kxf7 40. Rxf6+ Kxf6 41. Kxe3 g5 42. Nc7 c4 43. Kf3 h3 44. Kg3 g4 45. f3 gxf3 46. Kxh3 c3 47. Nd5+ Ke6 48. Nxc3 Kxd6 49. Kg3 Kc5 50. Kxf3 Kd4 51. Nd5 Kc5 52. Kg4 Kd6 53. Kf5 1-0

[Event "Titled Tuesday intern op 07th Dec"]
[Site "Chess.com INT"]
[Date "2021.12.07"]
[Round "3"]
[White "Gubsky, Egor"]
[Black "Orlov, Georgi"]
[Result "0-1"]
[WhiteElo "2339"]
[BlackElo "2460"]
[PlyCount "104"]
[EventDate "2021.12.07"]
[EventType "swiss (blitz)"]
[EventRounds "11"]
[EventCountry "USA"]
[SourceTitle "CBM 205 Extra"]
[Source "ChessBase"]
[SourceDate "2022.01.31"]
[SourceVersion "1"]
[SourceVersionDate "2022.01.31"]
[SourceQuality "1"]

1. d4 Nf6 2. c4 Nc6 3. Nf3 e6 4. Nc3 Bb4 5. d5 exd5 6. cxd5 Ne7 7. Bd2 Bxc3 8. Bxc3 Nexd5 9. Bd4 0-0 10. e3 d6 11. b3 c5 12. Bb2 Qa5+ 13. Nd2 Ne4 14. Bc4 Ndf6 15. f3 Nxd2 16. Qxd2 Qxd2+ 17. Kxd2 Be6 18. Bxf6 gxf6 19. Kc3 d5 20. Be2 Rfd8 21. Rhd1 Rd6 22. Rd2 Rad8 23. Rad1 Kf8 24. Bd3 h6 25. f4 d4+ 26. exd4 Rxd4 27. g3 Bg4 28. Re1 Bf5 29. Re3 b5 30. a3 Bxd3 31. Rdxd3 Rxd3+ 32. Rxd3 Rxd3+ 33. Kxd3 f5 34. h3 Ke7 35. g4 fxg4 36. hxg4 Ke6 37. Ke4 f6 38. a4 bxa4 39. bxa4 Kd6 40. Kf5 c4 41. Kxf6 c3 42. g5 hxg5 43. fxg5 c2 44. g6 c1Q 45. g7 Qf1+ 46. Kg6 Qg2+ 47. Kf7 Qf3+ 48. Ke8 Qg4 49. Kf8 Qf5+ 50. Kg8 Ke7 51. Kh8 Qh5+ 52. Kg8 Kf6 0-1

[Event "Titled Tuesday intern op 16th Nov"]
[Site "Chess.com INT"]
[Date "2021.11.16"]
[Round "3"]
[White "Gubsky, Egor"]
[Black "Tokman, Ariel"]
[Result "0-1"]
[WhiteElo "2339"]
[BlackElo "2295"]
[PlyCount "52"]
[EventDate "2021.11.16"]
[EventType "swiss (blitz)"]
[EventRounds "11"]
[EventCountry "USA"]
[SourceTitle "CBM 205 Extra"]
[Source "ChessBase"]
[SourceDate "2022.01.31"]
[SourceVersion "1"]
[SourceVersionDate "2022.01.31"]
[SourceQuality "1"]

1. d4 c5 2. c4 cxd4 3. Qxd4 Nc6 4. Qc3 Nf6 5. a3 g6 6. b4 Bg7 7. Bb2 0-0 8. Nf3 d5 9. cxd5 Qxd5 10. e3 Bg4 11. Bc4 Qh5 12. Be2 Rac8 13. Qb3 Be6 14. Qa4 Nd5 15. Bxg7 Kxg7 16. 0-0 Nb6 17. Qd1 Rfd8 18. Nd4 Qe5 19. Nxc6 bxc6 20. Nd2 Qb2 21. Ba6 Rxd2 22. Qe1 Rcd8 23. Rb1 Qxa3 24. Bb7 Bc4 25. Ra1 Qxb4 26. Rb1 Qd6 0-1

[Event "RUS-ch Rapid"]
[Site "Sochi"]
[Date "2021.10.13"]
[Round "7"]
[White "Murzin, Volodar"]
[Black "Gubsky, Egor"]
[Result "1-0"]
[WhiteElo "2513"]
[BlackElo "2339"]
[PlyCount "97"]
[EventDate "2021.10.12"]
[EventType "swiss (rapid)"]
[EventRounds "11"]
[EventCountry "RUS"]
[SourceTitle "CBM 204 Extra"]
[Source "ChessBase"]
[SourceDate "2021.11.30"]
[SourceVersion "1"]
[SourceVersionDate "2021.11.30"]
[SourceQuality "1"]

1. e4 c5 2. Nf3 Nc6 3. Bb5 e6 4. 0-0 Nge7 5. d4 cxd4 6. Nxd4 Nxd4 7. Qxd4 a6 8. Be2 Nc6 9. Qd1 Be7 10. Be3 0-0 11. c4 d6 12. Nc3 Rb8 13. Qd2 Qc7 14. Rac1 Ne5 15. b3 b6 16. f4 Nd7 17. Rfd1 Rd8 18. Bf3 Bb7 19. Qf2 Ba8 20. g4 Bf8 21. g5 Qb7 22. Ne2 Nc5 23. Ng3 b5 24. h4 bxc4 25. Rxc4 Qb5 26. h5 Rbc8 27. Bg2 d5 28. Rcd4 Qe8 29. Qd2 e5 30. fxe5 Ne6 31. Rxd5 Bxd5 32. exd5 Nc5 33. Bd4 Nd7 34. Re1 Qe7 35. d6 Qe6 36. Qf2 Qg4 37. Bd5 Kh8 38. Kh2 Qxg5 39. Qxf7 Bxd6 40. Nf5 Bxe5+ 41. Rxe5 Rc2+ 42. Kh3 Nf6 43. Ne3 Rh2+ 44. Kxh2 Qh4+ 45. Kg2 Qxd4 46. h6 Rg8 47. hxg7+ Rxg7+ 48. Qxg7+ Kxg7 49. Nf5+ 1-0

[Event "RUS-ch Rapid"]
[Site "Sochi"]
[Date "2021.10.12"]
[Round "2"]
[White "Gubsky, Egor"]
[Black "Tsydypov, Zhamsaran"]
[Result "0-1"]
[WhiteElo "2339"]
[BlackElo "2526"]
[PlyCount "69"]
[EventDate "2021.10.12"]
[EventType "swiss (rapid)"]
[EventRounds "11"]
[EventCountry "RUS"]
[SourceTitle "CBM 204 Extra"]
[Source "ChessBase"]
[SourceDate "2021.11.30"]
[SourceVersion "1"]
[SourceVersionDate "2021.11.30"]
[SourceQuality "1"]

1. d4 Nf6 2. c4 g6 3. Nc3 Bg7 4. e4 d6 5. Nf3 0-0 6. Be2 Na6 7. 0-0 e5 8. d5 Nc5 9. Qc2 a5 10. a3 a4 11. Be3 b6 12. Nd2 Bd7 13. b4 axb3 14. Nxb3 Na4 15. f3 Nh5 16. Bd1 f5 17. Nxa4 Bxa4 18. Qc3 fxe4 19. fxe4 Rxf1+ 20. Kxf1 Qh4 21. Bxh5 gxh5 22. Nd2 Qxh2 23. Nf3 Rf8 24. Bf2 Qf4 25. Qd3 h4 26. Ke2 h3 27. gxh3 Bc2 28. Qe3 Bxe4 29. Nd2 Bg6 30. Qxf4 exf4 31. Rg1 Ra8 32. Nf3 Rxa3 33. Nh4 Ra2+ 34. Kf1 Bd3+ 35. Ke1 0-1

[Event "RUS-ch Blitz"]
[Site "Sochi"]
[Date "2021.10.11"]
[Round "2"]
[White "Tsydypov, Zhamsaran"]
[Black "Gubsky, Egor"]
[Result "1-0"]
[WhiteElo "2526"]
[BlackElo "2339"]
[PlyCount "65"]
[EventDate "2021.10.11"]
[EventType "swiss (blitz)"]
[EventRounds "13"]
[EventCountry "RUS"]
[SourceTitle "CBM 204 Extra"]
[Source "ChessBase"]
[SourceDate "2021.11.30"]
[SourceVersion "1"]
[SourceVersionDate "2021.11.30"]
[SourceQuality "1"]

1. e4 c5 2. Nf3 Nc6 3. Bb5 e6 4. Bxc6 bxc6 5. Qe2 Ne7 6. d3 f6 7. h4 h5 8. e5 d6 9. exd6 Nf5 10. Nbd2 Bxd6 11. Ne4 e5 12. c3 Ba6 13. 0-0 Be7 14. Rd1 Qd5 15. b3 Rd8 16. c4 Qd7 17. Ba3 Nd4 18. Nxd4 cxd4 19. Bxe7 Qxe7 20. c5 Bc8 21. Nd6+ Kf8 22. Qe4 Qc7 23. f4 Rxd6 24. cxd6 Qxd6 25. Rac1 Bd7 26. fxe5 Qxe5 27. Qxe5 fxe5 28. Re1 Bf5 29. Rxe5 g6 30. Rxc6 Bxd3 31. Rc8+ Kg7 32. Rxh8 Kxh8 33. Rd5 1-0

[Event "RUS-ch blitz"]
[Site "Sochi"]
[Date "2019.10.17"]
[Round "3"]
[White "Zakhartsov, Vladimir"]
[Black "Gubsky, Egor"]
[Result "1-0"]
[WhiteElo "2514"]
[BlackElo "2339"]
[PlyCount "45"]
[EventDate "2019.10.17"]
[EventType "swiss (blitz)"]
[EventRounds "15"]
[EventCountry "RUS"]
[SourceTitle "CBM 192 Extra"]
[Source "Chessbase"]
[SourceDate "2019.11.06"]
[SourceVersion "1"]
[SourceVersionDate "2019.11.06"]
[SourceQuality "1"]

1. e4 c5 2. Nf3 Nc6 3. Bb5 e6 4. Bxc6 bxc6 5. 0-0 Ne7 6. e5 Ng6 7. d3 f6 8. exf6 gxf6 9. Nc3 Be7 10. Re1 Kf7 11. Ne4 d5 12. Ng3 h5 13. h3 h4 14. Nf1 e5 15. c4 Rg8 16. Kh1 Be6 17. Qe2 Qd7 18. N1h2 Rg7 19. b3 Rag8 20. Ng4 Bxg4 21. hxg4 Nf4 22. Bxf4 Qxg4 23. Bg5 1-0

[Event "RUS-ch rapid"]
[Site "Sochi"]
[Date "2019.10.15"]
[Round "3"]
[White "Belyakov, Bogdan"]
[Black "Gubsky, Egor"]
[Result "1-0"]
[WhiteElo "2506"]
[BlackElo "2339"]
[PlyCount "65"]
[EventDate "2019.10.15"]
[EventType "swiss"]
[EventRounds "11"]
[EventCountry "RUS"]
[SourceTitle "CBM 192 Extra"]
[Source "Chessbase"]
[SourceDate "2019.11.06"]
[SourceVersion "1"]
[SourceVersionDate "2019.11.06"]
[SourceQuality "1"]

1. e4 c5 2. c3 d5 3. exd5 Qxd5 4. Nf3 Nc6 5. d4 Bg4 6. Be2 cxd4 7. cxd4 e6 8. 0-0 Nf6 9. h3 Bh5 10. Nc3 Qa5 11. a3 Bd6 12. Nb5 Qd8 13. Bg5 Be7 14. Bxf6 Bxf6 15. d5 exd5 16. Qxd5 Qxd5 17. Nc7+ Kf8 18. Nxd5 Bxb2 19. Rab1 Bxa3 20. Rxb7 Nd8 21. Rd7 f6 22. Nc7 Be8 23. Rd3 Rc8 24. Nxe8 Be7 25. Nd6 Rc2 26. Bd1 Rc5 27. Re1 Nc6 28. Nb7 Rb5 29. Ba4 Rxb7 30. Bxc6 Rc7 31. Nd4 Kf7 32. Bd5+ Ke8 33. Ne6 1-0

[Event "RUS-chT2"]
[Site "Sochi"]
[Date "2019.05.03"]
[Round "3.3"]
[White "Gubsky, Egor"]
[Black "Suslov, Evgeniy"]
[Result "1-0"]
[WhiteElo "2290"]
[BlackElo "2288"]
[PlyCount "63"]
[EventDate "2019.05.01"]
[EventType "team-swiss"]
[EventRounds "9"]
[EventCountry "RUS"]
[SourceTitle "CBM 190 Extra"]
[Source "ChessBase"]
[SourceDate "2019.07.15"]
[SourceVersion "1"]
[SourceVersionDate "2019.07.15"]
[SourceQuality "1"]
[WhiteTeam "Novosibirsk Region"]
[BlackTeam "Smolensk Region"]
[WhiteTeamCountry "RUS"]
[BlackTeamCountry "RUS"]

1. d4 d6 2. Nf3 g6 3. c4 Bg7 4. e4 Bg4 5. Be3 Nc6 6. Be2 e5 7. d5 Bxf3 8. Bxf3 Nd4 9. Nd2 Ne7 10. Bxd4 exd4 11. Nb3 c5 12. dxc6 bxc6 13. 0-0 Qb6 14. c5 dxc5 15. Rc1 0-0 16. Rc2 Qa6 17. Nxc5 Qxa2 18. Qd2 d3 19. Qxd3 Rfd8 20. Qe3 Rab8 21. Be2 Rb4 22. Qg5 Kf8 23. Rfc1 Rdd4 24. b3 Qa3 25. Qf4 Nf5 26. Qc7 Nd6 27. Nd7+ Ke8 28. Qxc6 Ke7 29. Nc5 Ne8 30. Bb5 Rd8 31. Nb7 Rb8 32. Qc5+ 1-0

[Event "RUS-chT blitz"]
[Site "Sochi"]
[Date "2017.10.05"]
[Round "9"]
[White "Belyakov, Bogdan"]
[Black "Gubsky, Egor"]
[Result "0-1"]
[WhiteElo "2486"]
[BlackElo "2303"]
[PlyCount "74"]
[EventDate "2017.10.05"]
[EventType "team-swiss (blitz)"]
[EventRounds "15"]
[EventCountry "RUS"]
[SourceTitle "CBM 181 Extra"]
[Source "ChessBase"]
[SourceDate "2017.12.12"]
[SourceVersion "1"]
[SourceVersionDate "2017.12.12"]
[SourceQuality "1"]
[WhiteTeam "Yamal"]
[BlackTeam "Novosibirsk Technical Univ"]
[WhiteTeamCountry "RUS"]
[BlackTeamCountry "RUS"]

1. e4 c5 2. Nf3 Nc6 3. c3 d5 4. exd5 Qxd5 5. d4 Bg4 6. Be2 cxd4 7. cxd4 e6 8. 0-0 Nf6 9. Nc3 Qa5 10. a3 Bd6 11. h3 Bh5 12. Qb3 Rb8 13. Rd1 Nd5 14. Nxd5 Qxd5 15. Bc4 Qf5 16. g4 Bxg4 17. hxg4 Qxg4+ 18. Kf1 0-0 19. Bd2 b5 20. Bd3 Qh3+ 21. Ke1 e5 22. d5 Qh1+ 23. Bf1 Nd4 24. Nxd4 exd4 25. Bg5 h6 26. Qh3 Rfe8+ 27. Kd2 Qxd5 28. Bxh6 gxh6 29. Bd3 Bf4+ 30. Kc2 b4 31. Rg1+ Bg5 32. Qxh6 b3+ 33. Kb1 Re1+ 34. Rxe1 Bxh6 35. Rg1+ Bg7 36. a4 Qf3 37. Bc4 Qe4+ 0-1

[Event "RUS-chT blitz"]
[Site "Sochi"]
[Date "2017.10.05"]
[Round "8"]
[White "Gubsky, Egor"]
[Black "Poliakov, Artem"]
[Result "0-1"]
[WhiteElo "2303"]
[BlackElo "2182"]
[PlyCount "90"]
[EventDate "2017.10.05"]
[EventType "team-swiss (blitz)"]
[EventRounds "15"]
[EventCountry "RUS"]
[SourceTitle "CBM 181 Extra"]
[Source "ChessBase"]
[SourceDate "2017.12.12"]
[SourceVersion "1"]
[SourceVersionDate "2017.12.12"]
[SourceQuality "1"]
[WhiteTeam "Novosibirsk Technical Univ"]
[BlackTeam "Moscow Region IMBA"]
[WhiteTeamCountry "RUS"]
[BlackTeamCountry "RUS"]

1. d4 d6 2. Nf3 g6 3. c4 Bg7 4. e4 e5 5. Nc3 exd4 6. Nxd4 Nc6 7. Be3 Nge7 8. h4 0-0 9. h5 Re8 10. hxg6 hxg6 11. Qd2 f5 12. 0-0-0 f4 13. Nxc6 fxe3 14. Nxe7+ Qxe7 15. Qxe3 Be6 16. Be2 Qf7 17. Qg3 Be5 18. Qh4 Rf8 19. f3 Qg7 20. Kc2 c6 21. g3 b5 22. f4 Bf6 23. Qh2 Rfd8 24. cxb5 cxb5 25. Bxb5 Rac8 26. Ba6 Bxc3 27. Bxc8 Rxc8 28. Kb1 Bb4 29. a3 Bxa3 30. e5 dxe5 31. bxa3 Rb8+ 32. Kc1 exf4 33. Qc2 Qa1+ 34. Kd2 Qd4+ 35. Ke2 Qe3+ 36. Kf1 Bf5 37. Qc4+ Kg7 38. Qd4+ Qxd4 39. Rxd4 Rb1+ 40. Kg2 f3+ 41. Kh2 Rb2+ 42. Kg1 f2+ 43. Kg2 Bc8 44. Kf1 Ba6+ 45. Kg2 f1Q# 0-1

[Event "RUS-chT blitz"]
[Site "Sochi"]
[Date "2017.10.05"]
[Round "14"]
[White "Gubsky, Egor"]
[Black "Savchenko, Boris"]
[Result "0-1"]
[WhiteElo "2303"]
[BlackElo "2585"]
[PlyCount "68"]
[EventDate "2017.10.05"]
[EventType "team-swiss (blitz)"]
[EventRounds "15"]
[EventCountry "RUS"]
[SourceTitle "CBM 181 Extra"]
[Source "ChessBase"]
[SourceDate "2017.12.12"]
[SourceVersion "1"]
[SourceVersionDate "2017.12.12"]
[SourceQuality "1"]
[WhiteTeam "Novosibirsk Technical Univ"]
[BlackTeam "Moscow Fighters for the Idea"]
[WhiteTeamCountry "RUS"]
[BlackTeamCountry "RUS"]

1. d4 Nf6 2. c4 g6 3. Nc3 Bg7 4. e4 d6 5. Nf3 0-0 6. Be2 e5 7. 0-0 exd4 8. Nxd4 Re8 9. f3 c6 10. Nc2 Na6 11. Rf2 Nc5 12. Be3 Qc7 13. Bf1 Nfd7 14. Rd2 Bf8 15. Bf4 Ne5 16. b4 Ne6 17. Bg3 a5 18. a3 h5 19. f4 axb4 20. axb4 Rxa1 21. Nxa1 h4 22. fxe5 hxg3 23. exd6 Qb6+ 24. Kh1 Qxb4 25. Na2 Qa3 26. d7 Bxd7 27. Rxd7 Qxa2 28. Nc2 Nc5 29. Rd4 Nxe4 30. Rxe4 Rxe4 31. hxg3 Qa5 32. Qf3 Qe5 33. Bd3 Qh8+ 34. Kg1 Bc5+ 0-1

[Event "RUS-chT blitz"]
[Site "Sochi"]
[Date "2017.10.05"]
[Round "7"]
[White "Usmanov, Vasily"]
[Black "Gubsky, Egor"]
[Result "1-0"]
[WhiteElo "2463"]
[BlackElo "2303"]
[PlyCount "113"]
[EventDate "2017.10.05"]
[EventType "team-swiss (blitz)"]
[EventRounds "15"]
[EventCountry "RUS"]
[SourceTitle "CBM 181 Extra"]
[Source "ChessBase"]
[SourceDate "2017.12.12"]
[SourceVersion "1"]
[SourceVersionDate "2017.12.12"]
[SourceQuality "1"]
[WhiteTeam "St Petersburg SDYUSSHOR"]
[BlackTeam "Novosibirsk Technical Univ"]
[WhiteTeamCountry "RUS"]
[BlackTeamCountry "RUS"]

1. d4 Nf6 2. c4 e6 3. Nc3 Bb4 4. e3 0-0 5. Nge2 Re8 6. a3 Bf8 7. Ng3 d5 8. Bd3 dxc4 9. Bxc4 a6 10. 0-0 b5 11. Be2 Bb7 12. Bf3 Bxf3 13. Qxf3 Nbd7 14. b4 Nb6 15. Rd1 Nfd5 16. e4 Nxc3 17. Qxc3 Nc4 18. Nf1 a5 19. Rb1 axb4 20. axb4 Ra4 21. Ne3 Nxe3 22. Bxe3 Qe7 23. Rdc1 Rxb4 24. Rxb4 Qxb4 25. Qxc7 Qa3 26. d5 exd5 27. exd5 h6 28. g3 Bd6 29. Qd7 Rxe3 30. Qc8+ Kh7 31. Qf5+ Kg8 32. Rc8+ Bf8 33. fxe3 Qxe3+ 34. Kg2 Qe2+ 35. Qf2 Qg4 36. Qc5 Qe2+ 37. Kg1 Qe1+ 38. Kg2 Qe2+ 39. Qf2 Qg4 40. Rc7 Qg6 41. Qf3 b4 42. Rb7 Qc2+ 43. Kh3 Qg6 44. g4 Bc5 45. Rb8+ Bf8 46. Qf5 Qd6 47. Rb7 Be7 48. Qc8+ Kh7 49. Qf5+ Kg8 50. Qc8+ Kh7 51. Qc2+ g6 52. Qe4 Bf6 53. Rxf7+ Bg7 54. Qe7 Qxe7 55. Rxe7 Kg8 56. Rb7 Be5 57. Rxb4 1-0

[Event "RUS-chT rapid"]
[Site "Sochi"]
[Date "2017.10.04"]
[Round "7.3"]
[White "Gubsky, Egor"]
[Black "Savchenko, Boris"]
[Result "0-1"]
[WhiteElo "2303"]
[BlackElo "2585"]
[PlyCount "65"]
[EventDate "2017.10.03"]
[EventType "team-swiss (rapid)"]
[EventRounds "9"]
[EventCountry "RUS"]
[SourceTitle "EXT 2018"]
[Source "ChessBase"]
[SourceDate "2017.10.13"]
[SourceVersion "1"]
[SourceVersionDate "2017.10.13"]
[SourceQuality "1"]
[WhiteTeam "Novosibirsk Technical Univ"]
[BlackTeam "Moscow Fighters for the Idea"]
[WhiteTeamCountry "RUS"]
[BlackTeamCountry "RUS"]

1. d4 Nf6 2. c4 g6 3. Nc3 d5 4. Bg5 Ne4 5. Bh4 Nxc3 6. bxc3 dxc4 7. e3 Be6 8. Nf3 Nd7 9. e4 c5 10. Ng5 Qa5 11. Rc1 Nb6 12. Nxe6 fxe6 13. Be2 Bh6 14. Rc2 cxd4 15. Qxd4 Rf8 16. f3 Rd8 17. Qf2 Rd3 18. Kf1 g5 19. Bg3 g4 20. Bc7 Qa4 21. Rb2 Rxc3 22. Qh4 Qa3 23. Bxb6 axb6 24. Qh5+ Rf7 25. Qb5+ Kf8 26. Qxb6 Be3 27. Qd8+ Kg7 28. Rb1 Qxa2 29. Qd1 gxf3 30. gxf3 Rxf3+ 31. Kg2 Rf2+ 32. Kh3 Rxe2 33. Ra1 0-1

[Event "RUS-chT rapid"]
[Site "Sochi"]
[Date "2017.10.03"]
[Round "3.3"]
[White "Popov, Mikhail"]
[Black "Gubsky, Egor"]
[Result "0-1"]
[WhiteElo "2416"]
[BlackElo "2303"]
[PlyCount "126"]
[EventDate "2017.10.03"]
[EventType "team-swiss (rapid)"]
[EventRounds "9"]
[EventCountry "RUS"]
[SourceTitle "EXT 2018"]
[Source "ChessBase"]
[SourceDate "2017.10.13"]
[SourceVersion "1"]
[SourceVersionDate "2017.10.13"]
[SourceQuality "1"]
[WhiteTeam "Moscow Gogol Mogol"]
[BlackTeam "Novosibirsk Technical Univ"]
[WhiteTeamCountry "RUS"]
[BlackTeamCountry "RUS"]

1. Nf3 Nf6 2. c4 e6 3. Nc3 c5 4. g3 b6 5. Bg2 Bb7 6. 0-0 Be7 7. Re1 d6 8. e4 Nbd7 9. d4 cxd4 10. Nxd4 Qb8 11. Qa4 Qc8 12. Nd5 exd5 13. exd5 Kd8 14. Nf5 Bf8 15. Bf4 Ne5 16. Nxd6 Bxd6 17. Bxe5 Qd7 18. Bxf6+ gxf6 19. Qc2 a5 20. Be4 Bc5 21. Bf5 Qd6 22. Re4 h5 23. Rae1 h4 24. Rg4 hxg3 25. hxg3 Kc7 26. Qa4 Rag8 27. Qd1 Bc8 28. Bxc8 Kxc8 29. Qf3 Rxg4 30. Qxg4+ Qd7 31. Qe4 Qh3 32. Qg2 Qf5 33. Rf1 Qh3 34. Qxh3+ Rxh3 35. Kg2 Rh8 36. g4 Kd7 37. Kg3 Bd6+ 38. Kg2 Rh2+ 39. Kf3 Rh3+ 40. Ke4 a4 41. Rb1 Rh2 42. Rf1 Bc5 43. Kf5 Bd4 44. b4 Bxf2 45. Kxf6 Bd4+ 46. Kxf7 Rxa2 47. Rd1 Rf2+ 48. Kg6 Bc3 49. c5 Bxb4 50. c6+ Kd6 51. Rd4 Rb2 52. Rc4 Kc7 53. d6+ Bxd6 54. Rxa4 b5 55. Ra1 Rg2 56. Kf5 b4 57. Rb1 Kxc6 58. g5 Bc5 59. g6 Kb5 60. Rd1 b3 61. Kf6 b2 62. Kf7 Bd4 63. Re1 Kc4 0-1

[Event "RUS-ch blitz"]
[Site "Sochi"]
[Date "2017.10.02"]
[Round "11"]
[White "Levin, Evgeny A"]
[Black "Gubsky, Egor"]
[Result "1-0"]
[WhiteElo "2532"]
[BlackElo "2303"]
[PlyCount "169"]
[EventDate "2017.10.02"]
[EventType "swiss (blitz)"]
[EventRounds "20"]
[EventCountry "RUS"]
[SourceTitle "EXT 2018"]
[Source "ChessBase"]
[SourceDate "2017.10.13"]
[SourceVersion "1"]
[SourceVersionDate "2017.10.13"]
[SourceQuality "1"]

1. d4 Nf6 2. Nf3 e6 3. Bg5 h6 4. Bh4 d6 5. h3 Be7 6. Nbd2 c5 7. c3 Nc6 8. e3 0-0 9. Bd3 d5 10. 0-0 Qc7 11. Bb5 Ne8 12. Bxc6 bxc6 13. Bxe7 Qxe7 14. Nb3 cxd4 15. cxd4 Rb8 16. Qc2 Rb6 17. Ne5 Bb7 18. Qc5 Qd8 19. Rfc1 f6 20. Nd3 Ba6 21. Nf4 Nc7 22. Na5 Bb5 23. a4 Bc4 24. Nxc4 dxc4 25. Qxc4 Qd6 26. a5 Rxb2 27. Qxc6 Qxc6 28. Rxc6 e5 29. dxe5 fxe5 30. Nd3 Rd2 31. Rxc7 Rxd3 32. Rxa7 Rd2 33. Rf1 Ra2 34. a6 Rf6 35. Re7 Ra5 36. a7 Rfa6 37. Rc1 Rxa7 38. Rc8+ Kh7 39. Rxa7 Rxa7 40. Rc5 Re7 41. Rc6 Kg8 42. Kh2 Kf7 43. Kg3 Ra7 44. Kf3 Ra2 45. Rb6 Rc2 46. g4 Ra2 47. h4 Rc2 48. h5 Ra2 49. Rb5 Kf6 50. Rb7 Ra4 51. Rb2 Ra3 52. Rc2 Ra4 53. Rd2 Ra6 54. Rc2 Ra4 55. Rc6+ Kf7 56. Kg3 Rb4 57. Rc7+ Kf6 58. Rc8 Ra4 59. Rf8+ Ke7 60. Rc8 Kf7 61. Rc6 Rb4 62. Rg6 Ra4 63. Kf3 Rb4 64. Rc6 Ra4 65. Rc2 Kf6 66. Kg3 Rb4 67. Rc6+ Kf7 68. Kf3 Ra4 69. Rg6 Rb4 70. g5 hxg5 71. Rxg5 Kf6 72. Rg6+ Kf7 73. Rg4 Rb1 74. Ke4 Rb4+ 75. Kf5 Rb5 76. e4 Ra5 77. f3 Rb5 78. Rg6 Rb3 79. Rg3 Rb5 80. Rh3 Ra5 81. h6 gxh6 82. Rxh6 Ra3 83. Rh7+ Kg8 84. Rh3 Kf7 85. Kxe5 1-0

[Event "RUS-chT2"]
[Site "Sochi"]
[Date "2017.05.08"]
[Round "7.3"]
[White "Gubsky, Egor"]
[Black "Gabrielian, Artur"]
[Result "1-0"]
[WhiteElo "2284"]
[BlackElo "2525"]
[PlyCount "75"]
[EventDate "2017.05.01"]
[EventType "team-swiss"]
[EventRounds "9"]
[EventCountry "RUS"]
[SourceTitle "CBM 178 Extra"]
[Source "ChessBase"]
[SourceDate "2017.06.22"]
[SourceVersion "1"]
[SourceVersionDate "2017.06.22"]
[SourceQuality "1"]
[WhiteTeam "Novosibirsk NSTU"]
[BlackTeam "Chechen Republic"]
[WhiteTeamCountry "ZAR"]
[BlackTeamCountry "RUS"]

1. d4 Nf6 2. c4 e6 3. Nf3 c5 4. d5 d6 5. Nc3 exd5 6. cxd5 a6 7. a4 g6 8. h3 Qe7 9. Bf4 Bg7 10. e3 Nbd7 11. Be2 0-0 12. 0-0 h6 13. Bh2 Rb8 14. Nd2 Ne8 15. Ra3 f5 16. Re1 Ne5 17. Rb3 b6 18. Bxe5 Bxe5 19. Nc4 Qc7 20. Nxe5 dxe5 21. Nb1 Bb7 22. e4 Nd6 23. exf5 Nxf5 24. Bg4 Rbd8 25. Bxf5 gxf5 26. Rg3+ Kh7 27. Nc3 Rf6 28. Rge3 Re8 29. Qe2 e4 30. f3 exf3 31. Qxf3 Rxe3 32. Rxe3 f4 33. Re8 Kg7 34. Qe4 Rf7 35. Re6 Kf8 36. Qg6 Bc8 37. Qxh6+ Rg7 38. Qh8+ 1-0